| 000 | 00860cam a22002773a 4500 | ||
|---|---|---|---|
| 001 | 10217 | ||
| 003 | PGUSA | ||
| 005 | 20140828083221.0 | ||
| 008 | 031101s2003||||xxu|||||s|||||000 | eng d | ||
| 040 |
_aPGUSA _beng |
||
| 042 | _adc | ||
| 050 | 4 | _aF850.5 | |
| 100 | 1 |
_aAustin, Mary Hunter, _d1868-1934 |
|
| 245 | 1 | 4 |
_aThe Land of Little Rain _h[electronic resource] / _cMary Hunter Austin |
| 260 |
_bProject Gutenberg, _c2003 |
||
| 506 | _aPublic domain in the USA. | ||
| 516 | _aElectronic text | ||
| 653 | _aCalifornia -- Social life and customs | ||
| 653 | _aFrontier and pioneer life -- California | ||
| 653 | _aNatural history -- California | ||
| 653 | _aCalifornia -- History, Local | ||
| 653 | _aCalifornia -- Description and travel | ||
| 830 | 0 |
_aProject Gutenberg _v10217 |
|
| 856 | 4 | 0 | _uhttp://www.gutenberg.org/ebooks/10217 |
| 942 | _cEB | ||
| 999 |
_c239472 _d239472 |
||